00972nam a2200277Ia 450000500170000000800410001702000180005802000150007604100080009108200140009910000320011324501010014525000180024630000250026449000170028950400270030660000570033360000550039065000390044565000590048426400280054333600270057133700330059833800280063104000350065920220317001736.0170328s2011 c g 000 0 s  a9789584227973 a9584227971 aspa04a199bC11b1 aCacciatore, Giusepped1933-13aEl búho y el cóndorbensayos en torno a la filosofía hispanoamericanacGiuseppe Cacciatore a1a. edición a155 páginasc23 cm aDe Sur a Sur aIncluye bibliografía14aZea, Leopoldod1912-2004xCritica e interpretación14aBello, Andresd1781-1885vPensamiento filosófico142LEMBaAmorvAspectos filosóficos142LEMBaFilosofía hispanoamericanaxHistoria y critica aBogotábPlanetac2011 atextobtxt2rdacontent asin mediaciónbn2rdamedia avolumenbnc2rdacarrier aCO-BoRNBPbspaerdacCO-BoRNBP